Evolučná teória hier s priestorovou dynamikou v hre holubica - jastrab

Charakteristika simulácie hry holubica – jastrab v kontexte správania sa jedincov v spoločnosti v súčasnosti, kedy je spoločnosť rozdelená kvôli názoru na očkovanie proti COVID-19. Evolučná teória hier s priestorovou dynamikou a priestorovým charakterom.

Salvato in:
Dettagli Bibliografici
Autore principale: Sequeira Lopez, Allan Jose, 1986-
Natura: Capitolo di libro
Lingua:slovacco
Soggetti:
Tags: Aggiungi Tag
Nessun Tag, puoi essere il primo ad aggiungerne!!

MARC

LEADER 00000naa$a2200000$$$4500
001 0280120
005 20241125123938.1
041 0 |a slo 
044 |a SK 
245 1 0 |a Evolučná teória hier s priestorovou dynamikou v hre holubica - jastrab  |c Allan Jose Sequeira Lopez 
520 |a Charakteristika simulácie hry holubica – jastrab v kontexte správania sa jedincov v spoločnosti v súčasnosti, kedy je spoločnosť rozdelená kvôli názoru na očkovanie proti COVID-19. Evolučná teória hier s priestorovou dynamikou a priestorovým charakterom. 
610 2 0 |a hry 
610 2 0 |a simulácia 
610 2 0 |a evolúcia 
610 2 0 |a koronavírus 
610 2 0 |a spoločnosť 
610 2 0 |a očkovanie 
100 1 |a Sequeira Lopez, Allan Jose, 1986-